000 01139nam a2200301 i 4500
003 EG-GICUC
005 20260221111632.0
008 260117s1985 ua j|||fr|||| 00| 0 ara d
040 _a EG-GICUC
_bara
_c EG-GICUC
_d EG-GICUC
_erda
041 0 _aAra
082 0 4 _221
_a343.67
_bم ص . ت
092 0 4 _221
099 _aLaw1 10 343.67 م ص . ت 1985
100 0 _aمصطفى العوجى
_eمؤلف.
245 1 2 _aالتربية المدنية كوسيلة للوقاية من الإنحراف /
_cتأليف الدكتور مصطفى العوجى.
264 1 _aالرياض :
_bالمركز العربى للدراسات الأمنية والتدريب،
_c1985.
300 _a238 صفحة :
_bجداول؛
_c24 سم.
336 _2rda content
_atext
337 _2rda media
_aComputer
338 _2rda carrier
_aOnline Resource
546 _aالنص باللغة العربية
650 1 _aالوقاية من الإجرام
_2qrmak
650 1 _aالقانون الجنائى
_2qrmak
651 1 _2qrmak
856 4 0 _uhttps://fll.law.cu.edu.eg/fulltext/bks/B10-07918.pdf
905 _a54
942 _2ddc
_cBK
_e21
_n0
999 _c57341
_d57341